Major League Baseball Team Abbreviations - Statistics

General Stats
  • This quiz has been taken 156 times
  • The average score is 24 of 30
Answer Stats
Team Abbreviation % Correct
Los Angeles Dodgers LAD
100%
San Francisco Giants SFG
94%
Tampa Bay Rays TBR
94%
Los Angeles Angels LAA
93%
San Diego Padres SDP
93%
Kansas City Royals KCR
91%
Seattle mariners SEA
91%
Detroit Tigers DET
90%
New York Yankees NYY
87%
Cleveland Guardians CLE
86%
Milwaukee Brewers MIL
83%
Arizona Diamondbacks ARI
79%
Atlanta Braves ATL
79%
Baltimore Orioles BAL
79%
Houston Astros HOU
79%
St. Louis Cardinals STL
79%
Texas Rangers TEX
78%
Miami Marlins MIA
77%
Minnesota Twins MIN
77%
Pittsburgh Pirates PIT
76%
New York Mets NYM
75%
Cincinnati Reds CIN
72%
Philadelphia Phillies PHI
71%
Toronto Blue Jays TOR
70%
Boston Red Sox BOS
69%
Oakland Athletics OAK
67%
Chicago Cubs CHC
66%
Colorado Rockies COL
64%
Chicago White Sox CHW
59%
Washington Nationals WSN
36%
No matching quizzes found
Score Distribution
Percent of People with Each Score
Percentile by Number Answered
Your Score History
You have not taken this quiz